Podľa návrhu o potravinách môžu byť vinníci pokutovaní až dvoma miliónmi korún

Príprava zákona o potravinách, ktorý stanoví presné povinnosti výrobcov, dovozcov, distribútorov i predajcov potravín. Otázky medzinárodného obchodu s potravinami. Mechanizmus kontroly potravín, hodnotenie kvality potravín.

Salvato in:
Dettagli Bibliografici
Autore principale: Janků, Jaroslav
Natura: Capitolo di libro
Lingua:slovacco
Soggetti:
Tags: Aggiungi Tag
Nessun Tag, puoi essere il primo ad aggiungerne!!

MARC

LEADER 00000naa a2200000 4500
001 r020062
005 20221213101006.9
041 0 |a slo 
044 |a SK 
245 1 0 |a Podľa návrhu o potravinách môžu byť vinníci pokutovaní až dvoma miliónmi korún  |c J. Janků 
520 |a Príprava zákona o potravinách, ktorý stanoví presné povinnosti výrobcov, dovozcov, distribútorov i predajcov potravín. Otázky medzinárodného obchodu s potravinami. Mechanizmus kontroly potravín, hodnotenie kvality potravín. 
610 2 0 |a potravinárstvo 
610 2 0 |a potraviny 
610 2 0 |a obchod medzinárodný 
610 2 0 |a kontrola 
610 2 0 |a zákony 
610 2 0 |a Slovensko 
100 1 |a Janků, Jaroslav